Authoritarian Countries Supported by the USA - Statistics

General Stats
  • This quiz has been taken 194 times
    153 since last reset
  • The average score is 18 of 29
Answer Stats
Hint Answer % Correct
19 Saudi Arabia
96%
16 Oman
92%
17 Qatar
89%
26 UAE
89%
7 Egypt
82%
13 Kuwait
80%
2 Bahrain
79%
23 Turkey
75%
29 Yemen
74%
11 Jordan
71%
28 Vietnam
67%
22 Thailand
64%
9 Ethiopia
62%
15 Morocco
62%
1 Azerbaijan
59%
5 Chad
56%
3 Brunei
52%
24 Turkmenistan
52%
27 Uzbekistan
52%
12 Kazakhstan
51%
20 Singapore
51%
21 Tajikistan
50%
6 Djibouti
49%
25 Uganda
49%
18 Rwanda
48%
4 Cameroon
46%
10 Gabon
44%
8 Equatorial Guinea
42%
14 Mauritania
40%
No matching quizzes found
Score Distribution
Percent of People with Each Score
Percentile by Number Answered
Your Score History
You have not taken this quiz since the last reset